Normal view
MARC view
- Tecnología educativa
Entry Materia
001 - NÚMERO DE CONTROL DEL REGISTRO
- campo de control: 22922
003 - IDENTIFICADOR DE NUMERO DE CONTROL
- campo de control: MX-MxUPN
005 - FECHA Y HORA DE LA ÚLTIMA TRANSACCIÓN
- campo de control: 20251111105033.0
008 - DATOS DE LONGITUD FIJA
- campo de control de longitud fija: 251111n| fcnnnbabn | ana |d
035 ## - NÚMERO DE CONTROL DEL SISTEMA
- Número de control del sistema: UPN10000022931
040 ## - FUENTE DE LA CATALOGACIÓN
- Centro catalogador de origen: MX-MxUPN
- Lengua de catalogación: spa
- : MX-MxUPN
150 ## - ENCABEZAMIENTO - TEMÁTICO
- Término de materia o nombre geográfico como elemento inicial: Tecnología educativa
- Subdivisión de materia general: Aspectos económicos
670 ## - FUENTE EN LA QUE SE LOCALIZARON DATOS
- Cita de la fuente: LC
- Información localizada: Educational technology - Economics aspects
902 ## - CATALOGADOR
- Catalogador: BDV/120514
